000 01440nam a2200373 c 4500
999 _c178254
_d178254
003 BLK
005 20250226110557.0
008 180411b bul|||||r ||||||| ||bul||
010 _aKNG00186959000
020 _a9789549535754
040 _aBLK
041 _aBUL
_cBUL
072 7 _2bullib
_aН83
_xЧужда художествена литература Н
080 _aАнглийска литература
_b821.111
_x-992
_z821.111-992
100 1 _aПалин, Майкъл
_eпърви автор
_9277849
139 _aПалин, Майкъл
_bП 15
245 1 0 _aПо стъпките на Хемингуей
_cМайкъл Палин; прев. от англ. Диляна Пчелова; фотогр. Базил Пао.
257 _aGBR
260 _aСофия
_bВакон
_c2014
_fСофия : Алианс принт
300 _a232 с.
_b32 л. ил.
_c20 см
380 _aX
500 _aОриг. загл.: Hemingway adventure / Michael Palin. - Биогр. данни за авт.
659 _aН
700 1 _aПчелова, Диляна
_eпрев. от англ.
_9113537
700 1 _aПао, Базил
_eфотогр.
_9106530
852 _aЦб 279845
856 4 _qpdf
856 4 _qpdf
942 _cKNG
_n0
_s1
_010
944 _aCR
_c09.03.2016
_k30540
_lСевдалина Тодорова
944 _aED
_c23.03.2016
_kГеновева_Генчева
999 _d178254
999 _d178254